000 00347nam a2200133 i 4500
001 bg
100 1 _aSTOLA, Mirosław
245 0 _aZbiór zadań z elementów i instalacji automatyki hydraulicznej /
_cMirosław Stola.
260 _aWarszawa,
_c1973.
040 _cBPK
041 _apol
942 _cKS
008 s pl f |000 0 pol
999 _c7631
_d7631
856 _uhttp://koha.tu.koszalin.pl/cgi-bin/koha/opac-detail.pl?biblionumber=7631
_yKatalog online BPK